000 01556cam a2200361 a 4500
999 _c329351
_d329351
001 710760
003 Nust
005 20170503161451.0
008 971222s1998 nyua c 000 1 eng
010 _a 97042448
020 _a9781847080530
040 _aDLC
_cDLC
_dDLC
041 1 _aeng
_hger
042 _alcac
050 0 0 _aPZ7.E72455
_bNu 1998
082 0 0 _a833.914 ENZ
_221
100 1 _aEnzensberger, Hans Magnus.
240 1 0 _aZahlenteufel.
_lEnglish
245 1 4 _aThe number devil :
_ba mathematical adventure
_cHans Magnus Enzensberger ; illustrated by Rotraut Susanne Berner.
250 _a1st American ed.
260 _aNew York :
_bHenry Holt,
_c1997.
300 _a262 p. :
_bcol. ill. ;
_c24 cm.
520 _aAnnoyed with his math teacher who assigns word problems and won't let him use a calculator, twelve-year-old Robert finds help from the number devil in his dreams.
650 1 _aMathematics
_xFiction.
650 1 _aNumbers, Natural
_xFiction.
650 1 _aDreams
_xFiction.
700 1 _aBerner, Rotraut Susanne,
_eill.
856 4 2 _3Contributor biographical information
_uhttp://www.loc.gov/catdir/bios/hol056/97042448.html
856 4 2 _3Publisher description
_uhttp://www.loc.gov/catdir/description/hol055/97042448.html
906 _a7
_bcbc
_corignew
_d1
_eocip
_f19
_gy-gencatlg
942 _2ddc
_cBK